| 000 | 00858nam a2200217 a 4500 | ||
|---|---|---|---|
| 003 | 0 | ||
| 005 | 20250324130748.0 | ||
| 008 | 060801s19uu xx 00 eng d | ||
| 050 |
_aPGS TP 822.B44 _b.D311 2006 |
||
| 100 | _aDee, Rocianne Marie M. | ||
| 245 |
_aA comparative study on the use of beeswax and paraffin wax in making a smokeless candle / _cRocianne Marie M. Dee. |
||
| 260 |
_aLas PiƱas City, Philippines : _bSouthville International School and Colleges, _c2006. |
||
| 300 |
_a49 pages : _billustrations ; _c28 cm. |
||
| 504 | _aIncludes bibliographical references. | ||
| 650 |
_aCandles _vComposition. |
||
| 650 |
_aBeeswax _vIndustrial applications. |
||
| 650 |
_aParaffin wax _vIndustrial applications. |
||
| 650 |
_aCandles _vEnvironmental aspects. |
||
| 650 |
_aBeeswax vs. Paraffin wax _vComparative studies. |
||
| 942 |
_2lcc _cPASS |
||
| 999 |
_c97473 _d97473 |
||